Fußball Top 10 #23 (meiste Spiele gegen Manuel Neuer) - Statistiken

Allgemein
  • Dieses Quiz wurde 46 mal gespielt
  • Das Durchschnittsergebnis liegt bei 3 aus 10
Antwortstatistiken
Platz Spiele Spieler % Korrekt
1 32 Marco Reus
98%
4 26 Mats Hummels
91%
3 26 Oliver Baumann
33%
8 23 Patrick Herrmann
14%
9 22 Sven Bender
14%
6 23 Naldo
9%
10 22 Vedad Ibisevic
5%
7 23 Christian Gentner
2%
5 24 Gonzalo Castro
2%
2 29 Lukasz Piszczek
2%
Keine übereinstimmenden Quizze gefunden
Verteilung der Resultate
Anzahl Personen mit jedem Resultat
Perzentil nach korrekt beantworteten Fragen
Ihre Resultats-Entwicklung
Sie haben dieses Quiz noch nicht gespielt